书目信息 |
| 题名: |
世界经济贸易地理
|
|
| 作者: | 高茜 , 李保民 主编 | |
| 分册: | ||
| 出版信息: | 北京 中国人民大学出版社 2013 |
|
| 页数: | 311页 | |
| 开本: | 26cm | |
| 丛书名: | 经济管理类课程教材·国际贸易系列 | |
| 单 册: | ||
| 中图分类: | F731 | |
| 科图分类: | ||
| 主题词: | 商业地理--Shang Ye Di Li--世界--高等学校--教材 | |
| 电子资源: | ||
| ISBN: | 978-7-300-17408-2 | |
| 000 | 01219nam0 22002651 450 | |
| 001 | 350061 | |
| 005 | 20161009104604.87 | |
| 010 | @a978-7-300-17408-2@dCNY38.00 | |
| 100 | @a20131025d2013 em y0chiy50 ea | |
| 101 | 0 | @achi |
| 102 | @aCN@b110000 | |
| 105 | @aa z 000yy | |
| 106 | @ar | |
| 200 | 1 | @a世界经济贸易地理@AShi Jie Jing Ji Mao Yi Di Li@f高茜,李保民主编 |
| 210 | @a北京@c中国人民大学出版社@d2013 | |
| 215 | @a311页@c图@d26cm | |
| 225 | 2 | @a经济管理类课程教材·国际贸易系列@AJing Ji Guan Li Lei Ke Cheng Jiao Cai Guo Ji Mao Yi Xi Lie |
| 330 | @a本书采用经济地理学的观点,系统介绍了世界经济贸易空间格局及其发展变化的规律。书中首先对地理环境与国际经济贸易的关系、国际经贸集团区域格局、世界主要农矿资源生产贸易、国际贸易中的交通运输分布等方面作了总括性论述;然后分区论述世界各大洲及相关国家的国际贸易地理概况,重点研究和探讨了世界经济贸易三大重心区——东亚、欧盟和北美及相关重要经济贸易大国。 | |
| 461 | 0 | @12001 @a经济管理类课程教材·国际贸易系列 |
| 606 | 0 | @a商业地理@AShang Ye Di Li@y世界@x高等学校@j教材 |
| 690 | @aF731@v5 | |
| 701 | 0 | @a高茜@AGao Qian@c(女,@f1964~)@4主编 |
| 701 | 0 | @a李保民@ALi Bao Min@f(1968~)@4主编 |
| 801 | 0 | @aCN@bTANGWEI@20160802 |
| 905 | @b0888130-4@dF731@e177@f5 | |
| 世界经济贸易地理/高茜,李保民主编.-北京:中国人民大学出版社,2013 |
| 311页:图;26cm.-(经济管理类课程教材·国际贸易系列) |
| ISBN 978-7-300-17408-2:CNY38.00 |
| 本书采用经济地理学的观点,系统介绍了世界经济贸易空间格局及其发展变化的规律。书中首先对地理环境与国际经济贸易的关系、国际经贸集团区域格局、世界主要农矿资源生产贸易、国际贸易中的交通运输分布等方面作了总括性论述;然后分区论述世界各大洲及相关国家的国际贸易地理概况,重点研究和探讨了世界经济贸易三大重心区——东亚、欧盟和北美及相关重要经济贸易大国。 |
| ● |
| 相关链接 |
|
|
|
|
正题名:世界经济贸易地理
索取号:F731/177
 
预约/预借
| 序号 | 登录号 | 条形码 | 馆藏地/架位号 | 状态 | 备注 |
| 1 | 0888130 | 208881307 | 第一样本阅览室/ [索取号:F731/177] | 在馆 | |
| 2 | 0888131 | 208881316 | 经管系资料室/ [索取号:F731/177] | 在馆 | |
| 3 | 0888132 | 208881325 | 第一借阅区/ [索取号:F731/177] | 在馆 | |
| 4 | 0888133 | 208881334 | 第一借阅区/ [索取号:F731/177] | 在馆 | |
| 5 | 0888134 | 208881343 | 第一借阅区/ [索取号:F731/177] | 在馆 |